[Event "Valencia Region-ch Preferente"]
[Site "Valencia"]
[Date "2016.11.12"]
[Round "6"]
[White "Benitez Lopez, Julio"]
[Black "Juarez Murcia, Valeriano"]
[Result "1/2-1/2"]
[WhiteElo "1841"]
[BlackElo "1893"]
[PlyCount "72"]
[EventDate "2016.10.01"]
[EventType "swiss"]
[EventRounds "7"]
[EventCountry "ESP"]
[SourceTitle "EXT 2024"]
[Source "ChessBase"]
[SourceDate "2023.10.10"]
[SourceVersion "1"]
[SourceVersionDate "2023.10.10"]
[SourceQuality "1"]

1. d4 Nf6 2. c4 g6 3. Nc3 Bg7 4. e4 d6 5. f4 0-0 6. Nf3 c5 7. d5 e6 8. Be2 exd5 9. cxd5 Re8 10. Qc2 Bg4 11. 0-0 Nbd7 12. h3 Bxf3 13. Bxf3 a6 14. a4 Qc7 15. Re1 c4 16. Be3 Nc5 17. Bxc5 Qxc5+ 18. Kh1 Nd7 19. Bg4 Re7 20. Rad1 Nf6 21. Bf3 Rae8 22. e5 dxe5 23. fxe5 Rxe5 24. Rxe5 Rxe5 25. d6 Re8 26. d7 Rd8 27. Bxb7 Qb6 28. Bc8 Nh5 29. Re1 Bd4 30. Qd2 Ng3+ 31. Kh2 Qd6 32. Re8+ Kg7 33. Qxd4+ Qxd4 34. Rxd8 Nf1+ 35. Kh1 Ng3+ 36. Kh2 Nf1+ 1/2-1/2

[Event "Valencia Region-ch Preferente"]
[Site "Valencia"]
[Date "2016.10.22"]
[Round "3"]
[White "Juarez Murcia, Valeriano"]
[Black "Bedate Boluda, Pablo"]
[Result "1-0"]
[WhiteElo "1893"]
[BlackElo "1852"]
[PlyCount "59"]
[EventDate "2016.10.01"]
[EventType "swiss"]
[EventRounds "7"]
[EventCountry "ESP"]
[SourceTitle "EXT 2024"]
[Source "ChessBase"]
[SourceDate "2023.10.10"]
[SourceVersion "1"]
[SourceVersionDate "2023.10.10"]
[SourceQuality "1"]

1. e4 c5 2. Nc3 d6 3. g3 Nf6 4. Bg2 g6 5. d3 Bg7 6. Nge2 Nc6 7. 0-0 a6 8. h3 h5 9. f4 e5 10. fxe5 dxe5 11. Bg5 Qd6 12. Qd2 Bd7 13. Rf2 Nh7 14. Bh6 Qf8 15. Bxg7 Qxg7 16. Nd5 0-0-0 17. Qc3 Qf8 18. Raf1 Be6 19. Nc1 Nd4 20. Nb3 Bxd5 21. exd5 b6 22. Nxd4 exd4 23. Qa3 a5 24. Qa4 Qd6 25. Rxf7 Rdf8 26. Qb5 Rxf7 27. Rxf7 Kd8 28. Qa6 Ke8 29. Rb7 Qd8 30. Qa7 1-0

[Event "Provincial-ch Valencia Primera"]
[Site "Valencia"]
[Date "2014.11.15"]
[Round "6.1"]
[White "Juarez Murcia, Valeriano"]
[Black "Martinez Hernandez, Paula"]
[Result "1/2-1/2"]
[WhiteElo "1815"]
[BlackElo "1800"]
[PlyCount "35"]
[EventDate "2014.09.27"]
[EventType "swiss"]
[EventRounds "7"]
[EventCountry "ESP"]
[SourceTitle "EXT 2024"]
[Source "ChessBase"]
[SourceDate "2023.10.10"]
[SourceVersion "1"]
[SourceVersionDate "2023.10.10"]
[SourceQuality "1"]

1. e4 c6 2. d4 d5 3. e5 c5 4. c3 cxd4 5. cxd4 Nc6 6. Nf3 Bg4 7. Bb5 e6 8. 0-0 Nge7 9. Be3 a6 10. Bxc6+ Nxc6 11. h3 Bh5 12. a3 Qb6 13. Nbd2 Be7 14. Qb3 Bd8 15. Qxb6 Bxb6 16. Rfc1 a5 17. g4 Bg6 18. Nb3 1/2-1/2

[Event "Provincial-ch Valencia Primera"]
[Site "Valencia"]
[Date "2014.11.08"]
[Round "5.1"]
[White "Juarez Murcia, Valeriano"]
[Black "Palomo Ruiperez, Bruno"]
[Result "1/2-1/2"]
[WhiteElo "1815"]
[BlackElo "1808"]
[PlyCount "24"]
[EventDate "2014.09.27"]
[EventType "swiss"]
[EventRounds "7"]
[EventCountry "ESP"]
[SourceTitle "EXT 2024"]
[Source "ChessBase"]
[SourceDate "2023.10.10"]
[SourceVersion "1"]
[SourceVersionDate "2023.10.10"]
[SourceQuality "1"]

1. e4 e5 2. Nf3 Nc6 3. Bb5 Nf6 4. d3 Bc5 5. 0-0 d6 6. c3 0-0 7. Bg5 h6 8. Be3 Bxe3 9. fxe3 Bd7 10. Nbd2 a6 11. Ba4 Re8 12. Qe1 b5 1/2-1/2

[Event "Provincial-ch Valencia Primera"]
[Site "Valencia"]
[Date "2014.10.25"]
[Round "4.1"]
[White "Anguix Gomez, Exuperio"]
[Black "Juarez Murcia, Valeriano"]
[Result "0-1"]
[WhiteElo "1859"]
[BlackElo "1815"]
[PlyCount "74"]
[EventDate "2014.09.27"]
[EventType "swiss"]
[EventRounds "7"]
[EventCountry "ESP"]
[SourceTitle "EXT 2024"]
[Source "ChessBase"]
[SourceDate "2023.10.10"]
[SourceVersion "1"]
[SourceVersionDate "2023.10.10"]
[SourceQuality "1"]

1. Nf3 Nf6 2. c4 g6 3. d4 Bg7 4. g3 0-0 5. Bg2 d6 6. 0-0 Nbd7 7. Nc3 e5 8. e4 exd4 9. Nxd4 Re8 10. h3 Nc5 11. Re1 c6 12. Be3 Ncxe4 13. Nxe4 Nxe4 14. Qc2 Nxg3 15. fxg3 Rxe3 16. Rxe3 Bxd4 17. Qe4 Bxe3+ 18. Qxe3 Qb6 19. Qf2 Qxf2+ 20. Kxf2 Be6 21. b3 Kf8 22. Rd1 Ke7 23. Ke3 Rd8 24. Kf4 Kf6 25. g4 h6 26. h4 g5+ 27. Kg3 d5 28. h5 Ke7 29. c5 f5 30. gxf5 Bxf5 31. Re1+ Kd7 32. Rf1 Ke6 33. Re1+ Kf6 34. Bf3 Rd7 35. Re8 Re7 36. Ra8 a6 37. Rb8 Ke5 0-1

[Event "Provincial-ch Valencia Primera"]
[Site "Valencia"]
[Date "2014.10.04"]
[Round "2.5"]
[White "Abbas, Khalid Abel Halim"]
[Black "Juarez Murcia, Valeriano"]
[Result "0-1"]
[WhiteElo "1702"]
[BlackElo "1815"]
[PlyCount "88"]
[EventDate "2014.09.27"]
[EventType "swiss"]
[EventRounds "7"]
[EventCountry "ESP"]
[SourceTitle "EXT 2024"]
[Source "ChessBase"]
[SourceDate "2023.10.10"]
[SourceVersion "1"]
[SourceVersionDate "2023.10.10"]
[SourceQuality "1"]

1. d4 Nf6 2. c4 g6 3. Nf3 Bg7 4. Nc3 d6 5. e4 0-0 6. Bd3 e5 7. d5 a5 8. 0-0 Na6 9. h3 Nh5 10. Be3 Nf4 11. Ne2 Nxd3 12. Qxd3 f5 13. exf5 gxf5 14. Bg5 Qe8 15. Nh2 Qh5 16. Bc1 f4 17. a4 Nc5 18. Qd1 Qg6 19. Ra3 Bf5 20. Kh1 Bd3 21. f3 Bxc4 22. Ng4 Qf7 23. Nf2 Qxd5 24. Qc2 Bxe2 25. Qxe2 Qf7 26. Re1 Qf5 27. Ne4 Nxe4 28. fxe4 Qg6 29. Rc3 Rf7 30. b3 Raf8 31. Ba3 Bf6 32. Rec1 Bd8 33. Rf3 Kh8 34. Rcc3 Rg8 35. Rcd3 Rfg7 36. Rd2 Qh5 37. Bb2 Qf7 38. Qd3 Rg3 39. Rdf2 Rxf3 40. Rxf3 h6 41. Qf1 Kh7 42. g3 Qg6 43. gxf4 Qxe4 44. fxe5 Rg3 0-1